书目信息 |
| 题名: |
差生心理与教育
|
|
| 作者: | 钟启泉 编著 | |
| 分册: | ||
| 出版信息: | 上海 上海教育出版社 2003 |
|
| 页数: | 444页 | |
| 开本: | 24cm | |
| 丛书名: | ||
| 单 册: | ||
| 中图分类: | G444 , B849:G44 | |
| 科图分类: | ||
| 主题词: | 后进生--教育心理学 , 应用心理学 | |
| 电子资源: | ||
| ISBN: | 7-5320-3600-6 | |
| 000 | 00816nam0 2200253 450 | |
| 001 | 1533256054 | |
| 005 | 20150126091504.35 | |
| 010 | @a7-5320-3600-6@dCNY40.00 | |
| 100 | @a20031027d2003 em y0chiy50 ea | |
| 101 | 0 | @achi |
| 102 | @aCN@b310000 | |
| 105 | @ay z 000yy | |
| 200 | 1 | @a差生心理与教育@9cha sheng xin li yu jiao yu@f钟启泉编著 |
| 205 | @a[2版]@b修订版 | |
| 210 | @a上海@c上海教育出版社@d2003 | |
| 215 | @a444页@d24cm | |
| 330 | @a本书讲述了差生的界定及其成因,差生的心理特征,学业不良的诊断与治疗,学习失能的诊断与治疗,差生的教学论分析,差生的性格学分析等8章内容。 | |
| 606 | 0 | @a后进生@x教育心理学 |
| 606 | 0 | @a应用心理学 |
| 690 | @aG444@v5 | |
| 690 | @aB849:G44@v4 | |
| 701 | 0 | @a钟启泉@9zhong qi quan@f(1939.8~)@4编著 |
| 801 | 0 | @aCN@bTSSF@c20150126 |
| 905 | @aZUCC@dB849:G44@eJY306 | |
| 差生心理与教育/钟启泉编著.-[2版],修订版.-上海:上海教育出版社,2003 |
| 444页;24cm |
| ISBN 7-5320-3600-6:CNY40.00 |
| 本书讲述了差生的界定及其成因,差生的心理特征,学业不良的诊断与治疗,学习失能的诊断与治疗,差生的教学论分析,差生的性格学分析等8章内容。 |
| ● |
| 相关链接 |
|
|
|
|
正题名:差生心理与教育
索取号:B849:G44/JY306
 
预约/预借
| 序号 | 登录号 | 条形码 | 馆藏地/架位号 | 状态 | 备注 |
| 1 | 7857827 | 278578273 | 学院路分馆/ [索取号:B849:G44/JY306] | 在馆 | |
| 2 | 7857828 | 278578282 | 学院路分馆/ [索取号:B849:G44/JY306] | 在馆 | |
| 3 | 7857829 | 278578291 | 学院路分馆/ [索取号:B849:G44/JY306] | 在馆 |